| Tag |
First Indicator |
Second Indicator |
Subfields |
| LEADER |
00000cam a2200000I 4500 |
| 001 |
in00000074243 |
| 005 |
20151008052543.0 |
| 008 |
800513s1913 enk b 000 0 eng d |
| 035 |
|
|
|a (OCoLC)ocm06311588
|
| 035 |
|
|
|a (OCoLC)06311588
|
| 035 |
|
|
|9 AAH3858AM
|
| 040 |
|
|
|a TXA
|c TXA
|d OCL
|d EGA
|d UtOrBLW
|
| 049 |
|
|
|a TXAM
|c [4786]
|
| 090 |
|
|
|a HD8390
|b .H76 1913
|
| 092 |
|
|
|a 339.1
|b H684p
|
| 100 |
1 |
|
|a Hobson, J. A.
|q (John Atkinson),
|d 1858-1940.
|
| 245 |
1 |
0 |
|a Problems of poverty ;
|b an inquiry into the industrial condition of the poor /
|c by John A. Hobson ...
|
| 250 |
|
|
|a 8th ed.
|
| 264 |
|
1 |
|a London :
|b Methuen & co.,
|c [1913]
|
| 300 |
|
|
|a vi pages, 1 ℓ., 232 pages ;
|c 19 cm.
|
| 336 |
|
|
|a text
|b txt
|2 rdacontent
|
| 337 |
|
|
|a unmediated
|b n
|2 rdamedia
|
| 338 |
|
|
|a volume
|b nc
|2 rdacarrier
|
| 504 |
|
|
|a "List of authorities": pages [228]-232.
|
| 650 |
|
0 |
|a Poor.
|
| 650 |
|
0 |
|a Sweatshops.
|
| 994 |
|
|
|a E0
|b TXA
|
| 999 |
|
|
|a MARS
|
| 999 |
f |
f |
|s e081ea8d-676c-334f-b0f5-4041eee99e6a
|i 38a73e79-e62b-375d-befb-833ff8c0a577
|t 0
|
| 952 |
f |
f |
|p ric
|a Texas A&M University
|b Rellis Campus
|c Joint Library Facility
|d Remote Storage
|t 0
|e HD8390 .H76 1913
|h Library of Congress classification
|i unmediated -- volume
|m A14829468141
|
| 998 |
f |
f |
|a HD8390 .H76 1913
|t 0
|l Remote Storage
|